| 000 | 01014nam a2200289Ia 4500 | ||
|---|---|---|---|
| 003 | OSt | ||
| 005 | 20221007123342.0 | ||
| 006 | a|||||r|||| 00| 0 | ||
| 007 | ta | ||
| 008 | 221006b |||||||| |||| 00| 0 eng d | ||
| 020 |
_a0849302153 (hbd) _c _ 49.95 |
||
| 024 | _a8670 | ||
| 037 |
_bPanima, _cTextual |
||
| 040 |
_aPAPL _cPAPL _beng |
||
| 041 |
_2eng _aeng |
||
| 082 | _aC9B36, P1 | ||
| 100 |
_aSundaresan M K _9717119 |
||
| 245 | 0 | _aHandbook of particle physics by M K Sundaresan | |
| 260 |
_aBocs _bRaton CRC Press _c2001 |
||
| 300 |
_a446p _ccm. |
||
| 490 | _aCRC series in pure and applied physics | ||
| 500 | _aBibliographical references 427-446p; ^n23/CSL/E/2001-2002/541^d2001-11-15^mPurchase; ; 2001-2002/354^b2001-12-19^c15359/2001^d2001-12-04^eRs.2,162.00^fPanima Educational Book Agency; ; 2002-01-17^bSB^c2002-05-27^dRPS | ||
| 650 | _a Particle Physics | ||
| 650 | _aPhysics | ||
| 942 |
_hC9B36, P1 _cTEXL _2CC |
||
| 999 |
_c1211731 _d1211731 |
||